Oscar Winning Composers - Statistics

General Stats
  • This quiz has been taken 105 times
    12 since last reset
  • The average score is 20 of 113
Answer Stats
Year Movie Composer(s) % Correct
2021 Dune Hans Zimmer
100%
2015 The Hateful Eight Ennio Morricone
80%
1993 Schindler's List John Williams
80%
1984 Purple Rain Prince
80%
1995 Pocahontas Alan Menken
60%
2017 The Shape of Water Alexandre Desplat
60%
1967 Camelot Alfred Newman
60%
1987 The Last Emperor David Byrne
60%
1997 Titanic James Horner
60%
1969 Hello, Dolly! Lionel Newman
60%
1974 The Godfather Part II Nino Rota
60%
1970 Let it Be The Beatles
60%
2020 Soul Trent Reznor
60%
2020 Soul Atticus Ross
40%
1941 The Devil and Daniel Webster Bernard Herrmann
40%
1974 The Godfather Part II Carmine Coppola
40%
1972 Limelight Charlie Chaplin
40%
1967 Thoroughly Modern Millie Elmer Bernstein
40%
1938 The Adventures of Robin Hood Erich Wolfgang Korngold
40%
1960 Exodus Ernest Gold
40%
1982 Victor/Victoria Henry Mancini
40%
2003 The Lord of the Rings: The Return of the King Howard Shore
40%
1976 The Omen Jerry Goldsmith
40%
1990 Dances with Wolves John Barry
40%
2020 Soul Jon Batiste
40%
2025 Sinners Ludwig Göransson
40%
1984 A Passage to India Maurice Jarre
40%
1940 Pinocchio Paul Smith
40%
1987 The Last Emperor Ryuichi Sakamoto
40%
1961 West Side Story Saul Chaplin
40%
1981 Chariots of Fire Vangelis
40%
2008 Slumdog Millionaire A.R. Rahman
20%
1983 The Right Stuff Bill Conti
20%
1953 Lili Bronisław Kaper
20%
1969 Butch Cassidy and the Sundance Kid Burt Bacharach
20%
1958 The Old Man and the Sea Dmitri Tiomkin
20%
1970 Love Story Francis Lai
20%
1996 The English Patient Gabriel Yared
20%
1979 A Little Romance Georges Delerue
20%
2019 Joker Hildur Guðnadóttir
20%
1946 The Best Years of Our Lives Hugo Friedhofer
20%
2016 La La Land Justin Hurwitz
20%
1957 The Bridge on the River Kwai Malcom Arnold
20%
1944 Since You Went Away Max Steiner
20%
2009 Up Michael Giacchino
20%
1983 Yentl Michael Legrand
20%
1959 Ben-Hur Miklós Rózsa
20%
1941 Dumbo Oliver Wallace
20%
1996 Emma Rachel Portman
20%
1964 Mary Poppins Robert and Richard Sherman
20%
1995 Pocahontas Stephen Schwartz
20%
1956 Around the World in 80 Days Victor Young
20%
1949 The Heiress Aaron Copland
0%
1955 Oklahoma! Adolph Deutsch
0%
1983 Yentl Alan and Marilyn Bergman
0%
1964 My Fair Lady André Previn
0%
1997 The Full Monty Anne Dudley
0%
1948 The Red Shoes Brian Easdale
0%
1944 Cover Girl Carmen Dragon
0%
1987 The Last Emperor Cong Su
0%
2024 The Brutalist Daniel Blumberg
0%
2007 Atonement Dario Marianelli
0%
1988 The Milagro Beanfield War Dave Grusin
0%
2002 Frida Elliot Goldenthal
0%
1941 Dumbo Frank Churchill
0%
1951 A Place in the Sun Franz Waxman
0%
1945 Anchors Aweigh Georgie Stoll
0%
1978 Midnight Express Giorgio Moroder
0%
1934 One Night of Love Gus Kahn
0%
2006 Babel Gustavo Santaolalla
0%
1960 Song Without End Harry Sukman
0%
1942 Yankee Doodle Dandy Heinz Roemheld
0%
1939 The Wizard of Oz Herbert Stothart
0%
1986 Round Midnight Herbie Hancock
0%
1965 The Sound of Music Irwin Kostal
0%
2004 Finding Neverland Jan A. P. Kaczmarek
0%
1955 Oklahoma! Jay Blackton
0%
1978 The Buddy Holly Story Joe Renzetti
0%
1963 Tom Jones John Addison
0%
1999 The Red Violin John Corigliano
0%
1939 Stagecoach John Leipold
0%
1968 Oliver! Johnny Green
0%
1977 A Little Night Music Jonathan Tunick
0%
1967 Camelot Ken Darby
0%
1966 A Funny Thing Happened on the Way to the Forum Ken Thorne
0%
1972 Limelight Larry Russell
0%
1940 Pinocchio Leigh Harline
0%
1969 Hello, Dolly! Lennie Hayton
0%
1976 Bound for Glory Leonard Rosenman
0%
1939 Stagecoach Leo Shuken
0%
1982 Victor/Victoria Leslie Bricusse
0%
2011 The Artist Ludovic Bource
0%
1995 Il Postino (The Postman) Luis Bacalov
0%
1973 The Sting Marvin Hamlisch
0%
1980 Fame Michael Gore
0%
1960 Song Without End Morris Stoloff
0%
2012 Life of Pi Mychael Danna
0%
1940 Pinocchio Ned Washington
0%
1974 The Great Gatsby Nelson Riddle
0%
1998 Life is Beautiful Nicola Piovani
0%
1979 All that Jazz Ralph Burns
0%
1962 The Music Man Ray Heindorf
0%
1972 Limelight Raymond Rasch
0%
1939 Stagecoach Richard Hageman
0%
1955 Oklahoma! Robert Russell Bennett
0%
1950 Annie Get Your Gun Roger Edens
0%
1961 West Side Story Sid Ramin
0%
1998 Shakespeare in Love Stephen Warbeck
0%
2013 Gravity Steven Price
0%
2000 Crouching Tiger, Hidden Dragon Tan Dun
0%
1934 One Night of Love Victor Schertzinger
0%
2022 All Quiet on the Western Front Volker Bertelmann
0%
1939 Stagecoach W. Franke Harling
0%
No matching quizzes found
Score Distribution
Percent of People with Each Score
Percentile by Number Answered
Your Score History
You have not taken this quiz since the last reset